LEADER 00994nam a2200205 i 4500 001 000000195308 003 CaOOAMICUS 005 20101207000000.0 008 101207s1574 xx u000 u lat u 013 $a173980 040 $aSeMil$bita 245 10$aIn Somnium Scipionis libri II ; Saturnaliorum libri VII. 260 $aVenezia :$bapud Joannem Gryphium,$c1574. 300 $a10 x 15 ;$cpp. 600 ;$cgr. e rom. 500 $aDescrizione da : Incunaboli e Cinquecentine della Biblioteca del Seminario di Milano / catalogo a cura di Ubaldo Valentini, Milano 1981. - Numero di catalogo : 1051. 700 1 $aMacrobius, Ambrosius Aurelius Theodosius,$d.$0(OLS)http://semarc/name/9310 850 $aSeMil 852 $aSeMil$W1$xVenegono$y1$mFV.B III 24 ^$j145877$B145877$CSeMilBibl$Z2$F157400 $86 996 $6245$aIn Somnium Scipionis libri II ; Saturnaliorum libri VII$9(OLS)http://semarc/title/281741 996 $6260$aVenezia :$bapud Joannem Gryphium$9(OLS)http://semarc/publisher/46988 LEADER 01359nam a2200289 i 4500 001 000000214823 003 CaOOAMICUS 005 20120806000000.0 008 120806s2010 fr u000 u fre u 013 $a193695 020 $a978-2-7189-0997-4 040 $aSeMil$bita 100 1 $aAletti, Jean-Noël,$c.$0(OLS)http://semarc/name/90332 245 13$aLe Jésus de Luc /$cJean-Noël Aletti : traduit de l'anglais par Laurent David. 260 $aParis :$bMame-Desclée,$c2010. 300 $a258 p. ;$c23 cm. 490 0 $aJésus et Jésus-Christ ;$v98 650 4$aBibbia. Nuovo Testamento. Vangelo secondo Luca - Commentari, studi, critica, interpretazioni.$0(OLS)http://semarc/subject/142 650 4$aBibbia. Nuovo Testamento. Vangelo secondo Luca - Cristologia.$0(OLS)http://semarc/subject/12846 700 1 $aDavid, Laurent <1932- >.$0(OLS)http://semarc/name/76383 830 0$aJésus et Jésus-Christ ;$v98.$0(OLS)http://semarc/title/5741 850 $aSeMil 852 $aSeMil$W1$xVenegono$y1$m2N III 598$j165244$B165244$CSeMilBibl$Z2$F176249 $81 961 $aAbbonamento: La Procure (Libreria) 996 $6020$a978-2-7189-0997-4$9(OLS)http://semarc/number/211192 996 $6245$aLe Jésus de Luc$9(OLS)http://semarc/title/309488 996 $6260$aParis :$bMame-Desclée$9(OLS)http://semarc/publisher/37142